000 00330 a2200157 4500
001 62048
020 _a8500021128
040 _cAnchieta - Pituba
100 _aGomes, Dias
240 1 0 _aO santo inquérito
_lpor
245 1 0 _aO santo inquérito
300 _a151
362 0 _a2006
650 4 _aDrama brasileiro
942 _cBK
999 _c62048
_d62048